[Event "Girona op 2nd"]
[Site "Girona"]
[Date "2011.07.14"]
[Round "1"]
[White "Barrera Clot, Carlos"]
[Black "Gultresa Boada, Isaac"]
[Result "1-0"]
[WhiteElo "2108"]
[BlackElo "1474"]
[PlyCount "89"]
[EventDate "2011.07.14"]
[EventType "swiss"]
[EventRounds "9"]
[EventCountry "ESP"]
[SourceTitle "CBM 143 Extra"]
[Source "ChessBase"]
[SourceDate "2011.08.29"]
[SourceVersion "1"]
[SourceVersionDate "2011.08.29"]
[SourceQuality "1"]

1. e4 Nf6 2. e5 Nd5 3. Nc3 Nxc3 4. dxc3 d6 5. Nf3 Bg4 6. Bc4 e6 7. Bf4 d5 8. Be2 Be7 9. h3 Bh5 10. Qd2 Nd7 11. 0-0-0 c6 12. g4 Bg6 13. Kb1 Qb6 14. Bd3 Ba3 15. b3 Bxd3 16. cxd3 a5 17. Qc2 0-0 18. Be3 Qc7 19. d4 Be7 20. Nd2 b5 21. f4 c5 22. Nf3 c4 23. bxc4 bxc4 24. Kc1 Ba3+ 25. Kd2 Rab8 26. Rb1 Rxb1 27. Rxb1 Rb8 28. f5 Be7 29. Rxb8+ Qxb8 30. Bg5 Ba3 31. Bh4 Qb2 32. Qxb2 Bxb2 33. fxe6 fxe6 34. a4 h6 35. Bd8 Kf7 36. Bxa5 Ba3 37. Bc7 Be7 38. a5 Bc5 39. dxc5 Nxc5 40. Kc2 g6 41. Bd6 Na6 42. Nd4 g5 43. Kb2 Kg6 44. Ka3 h5 45. Ka4 1-0

[Event "Figueres op 10th"]
[Site "Figueres"]
[Date "2009.08.07"]
[Round "8"]
[White "Barrera Clot, Carlos"]
[Black "Diaz Munoz, Sergi"]
[Result "0-1"]
[WhiteElo "2130"]
[BlackElo "1990"]
[PlyCount "90"]
[EventDate "2009.08.01"]
[EventType "swiss"]
[EventRounds "9"]
[EventCountry "ESP"]
[SourceTitle "EXT 2010"]
[Source "ChessBase"]
[SourceDate "2010.11.25"]
[SourceVersion "1"]
[SourceVersionDate "2010.11.25"]
[SourceQuality "1"]

1. e4 d5 2. Nc3 d4 3. Nce2 e5 4. d3 Be6 5. f4 f6 6. Nf3 Nc6 7. a3 Bc5 8. fxe5 fxe5 9. Ng3 Nf6 10. Be2 Qd7 11. b4 Bd6 12. 0-0 h6 13. Nh4 0-0-0 14. Nhf5 Ne8 15. Bd2 Bf8 16. b5 Ne7 17. a4 g6 18. Nh4 Bg7 19. Bb4 Nd6 20. c4 dxc3 21. Bxc3 Rhf8 22. Qc2 Nf7 23. Rfc1 Kb8 24. Kh1 Rc8 25. Qb2 Bg4 26. Bxg4 Qxg4 27. Nf3 Qe6 28. d4 exd4 29. Nxd4 Bxd4 30. Bxd4 h5 31. Ra3 h4 32. Ne2 Ng5 33. Be3 Nxe4 34. Nd4 Qf6 35. Qb1 Nf2+ 36. Bxf2 Qxf2 37. Nc6+ Nxc6 38. bxc6 b6 39. Qb5 Rce8 40. h3 Re1+ 41. Rxe1 Qxe1+ 42. Kh2 Rf1 43. Qxf1 Qxf1 44. Rf3 Qxf3 45. gxf3 a6 0-1

[Event "Figueres op 10th"]
[Site "Figueres"]
[Date "2009.08.03"]
[Round "4"]
[White "Vinas Serra, Jaume"]
[Black "Barrera Clot, Carlos"]
[Result "1/2-1/2"]
[WhiteElo "1933"]
[BlackElo "2130"]
[PlyCount "76"]
[EventDate "2009.08.01"]
[EventType "swiss"]
[EventRounds "9"]
[EventCountry "ESP"]
[SourceTitle "EXT 2010"]
[Source "ChessBase"]
[SourceDate "2010.11.25"]
[SourceVersion "1"]
[SourceVersionDate "2010.11.25"]
[SourceQuality "1"]

1. d4 e6 2. Nf3 c5 3. c3 cxd4 4. Nxd4 a6 5. Nd2 Nf6 6. N2f3 Be7 7. Bg5 d5 8. e3 0-0 9. Bd3 Nbd7 10. Nb3 b6 11. 0-0 Bb7 12. Qe2 h6 13. Bf4 Nh5 14. Ne5 Nxf4 15. exf4 Bf6 16. Rfe1 a5 17. Rad1 a4 18. Nd4 Nxe5 19. fxe5 Be7 20. a3 Bc5 21. Bb1 Qe7 22. Qc2 g6 23. Re3 Rfc8 24. Rg3 Bxd4 25. Rxd4 Rc4 26. Qd2 Rxd4 27. Qxd4 Rc8 28. Qxb6 d4 29. Qd6 Qe8 30. h3 dxc3 31. bxc3 Rd8 32. Qb4 Rd1+ 33. Kh2 Bd5 34. Be4 Qc6 35. Bxd5 Qxd5 36. Qb8+ Kg7 37. Rf3 Re1 38. Qc7 Qxe5+ 1/2-1/2

[Event "Catalunya-chT Honor"]
[Site "Catalunya"]
[Date "2009.02.01"]
[Round "1"]
[White "Barrera Clot, Carlos"]
[Black "Moles Palleja, Pere"]
[Result "1/2-1/2"]
[WhiteElo "2124"]
[BlackElo "2179"]
[PlyCount "24"]
[EventDate "2009.02.01"]
[EventType "team-tourn"]
[EventRounds "9"]
[EventCountry "ESP"]
[SourceTitle "EXT 2019"]
[Source "ChessBase"]
[SourceDate "2018.10.10"]
[SourceVersion "1"]
[SourceVersionDate "2018.10.10"]
[SourceQuality "1"]
[WhiteTeam "Figueres"]
[BlackTeam "Terrassa"]
[WhiteTeamCountry "ESP"]
[BlackTeamCountry "ESP"]

1. e4 d6 2. d4 Nf6 3. Nc3 e5 4. dxe5 dxe5 5. Qxd8+ Kxd8 6. Bc4 Bb4 7. Bd2 Ke7 8. Nf3 Nc6 9. Bd3 Bg4 10. a3 Bd6 11. Ng1 h6 12. f3 Be6 1/2-1/2

[Event "Figueres op 09th"]
[Site "Figueres"]
[Date "2008.08.02"]
[Round "1"]
[White "Barrera Clot, Carlos"]
[Black "Baig Falgueras, Marc"]
[Result "1-0"]
[WhiteElo "2173"]
[BlackElo "1698"]
[PlyCount "49"]
[EventDate "2008.08.02"]
[EventType "swiss"]
[EventRounds "9"]
[EventCountry "ESP"]
[SourceTitle "CBM 125 Extra"]
[Source "ChessBase"]
[SourceDate "2008.09.01"]
[SourceVersion "1"]
[SourceVersionDate "2008.09.01"]
[SourceQuality "1"]

1. e4 c5 2. Nc3 d6 3. Nf3 Nc6 4. d4 cxd4 5. Nxd4 Bd7 6. Bc4 Nf6 7. Be3 e6 8. Bb3 a6 9. f3 Be7 10. Qd2 Rc8 11. g4 0-0 12. 0-0-0 b5 13. g5 Ne8 14. h4 Na5 15. Kb1 Nc4 16. Bxc4 bxc4 17. h5 Nc7 18. g6 fxg6 19. hxg6 hxg6 20. Qg2 Be8 21. Qh3 Qd7 22. f4 Bf6 23. e5 dxe5 24. Nf3 Qe7 25. fxe5 1-0

[Event "Catalunya-chT Honor"]
[Site "Catalunya"]
[Date "2008.02.03"]
[Round "2"]
[White "Ibanez Tarradellas, Eduardo"]
[Black "Barrera Clot, Carlos"]
[Result "1/2-1/2"]
[WhiteElo "2245"]
[BlackElo "2191"]
[PlyCount "63"]
[EventDate "2008.01.27"]
[EventType "team-tourn"]
[EventRounds "9"]
[EventCountry "ESP"]
[SourceTitle "EXT 2019"]
[Source "ChessBase"]
[SourceDate "2018.10.10"]
[SourceVersion "1"]
[SourceVersionDate "2018.10.10"]
[SourceQuality "1"]

1. d4 c5 2. c3 cxd4 3. cxd4 d5 4. Nc3 Nf6 5. Bg5 e6 6. e3 Be7 7. Bd3 0-0 8. Nge2 Qb6 9. 0-0 Bd7 10. Qd2 Re8 11. Rac1 Ne4 12. Bxe4 Bxg5 13. Bb1 f5 14. Rc2 Na6 15. a3 Nc7 16. Rfc1 Rec8 17. g3 Ne8 18. h4 Bh6 19. Ba2 Nd6 20. f3 Qd8 21. Kf2 b5 22. b3 Qf8 23. Nd1 Rxc2 24. Rxc2 Rc8 25. Rxc8 Qxc8 26. Nc1 g5 27. hxg5 Bxg5 28. Nd3 h5 29. Qc3 h4 30. Qxc8+ Bxc8 31. gxh4 Bxh4+ 32. Ke2 1/2-1/2

[Event "Catalunya-chT"]
[Site "Spain"]
[Date "1999.??.??"]
[Round "6"]
[White "Barrera Clot, Carlos"]
[Black "Oms Pallisse, Josep"]
[Result "1/2-1/2"]
[WhiteElo "2220"]
[BlackElo "2460"]
[PlyCount "74"]
[EventDate "1999.??.??"]
[EventType "team"]
[EventRounds "9"]
[EventCountry "ESP"]
[SourceTitle "EXT 2000"]
[Source "ChessBase"]
[SourceDate "1999.11.16"]
[SourceVersion "1"]
[SourceVersionDate "1999.11.16"]
[SourceQuality "1"]

1. e4 c5 2. Nf3 e6 3. d3 Nc6 4. g3 d5 5. Qe2 Nf6 6. Bg2 Be7 7. 0-0 0-0 8. e5 Nd7 9. c3 b5 10. Nbd2 Rb8 11. Re1 a5 12. a4 bxa4 13. Rxa4 Nb6 14. Rf4 f5 15. h4 c4 16. dxc4 dxc4 17. Ng5 Nd5 18. Rxc4 Bxg5 19. Rxc6 Be7 20. Qd1 Bb7 21. Rc4 Qb6 22. Nf3 Ba6 23. Ra4 Bb5 24. Ra1 Bc5 25. Nd4 Rbd8 26. Bg5 Rd7 27. Qb3 Bxd4 28. cxd4 f4 29. Bxd5 Rxd5 30. Bxf4 Qa6 31. Qc3 a4 32. Rec1 Rdd8 33. Qb4 Bc6 34. Qc4 Bb5 35. Qb4 Bc6 36. Qc4 Bb5 37. Qb4 Bc6 1/2-1/2

[Event "Sant Cebria op"]
[Site "Sant Cebria"]
[Date "1998.??.??"]
[Round "?"]
[White "Molina Morena, Antonio"]
[Black "Barrera Clot, Carlos"]
[Result "0-1"]
[WhiteElo "2190"]
[BlackElo "2245"]
[PlyCount "96"]
[EventDate "1998.??.??"]
[EventType "swiss"]
[EventRounds "9"]
[EventCountry "ESP"]
[SourceTitle "EXT 2003"]
[Source "ChessBase"]
[SourceDate "2002.11.25"]
[SourceVersion "1"]
[SourceVersionDate "2002.11.25"]
[SourceQuality "1"]

1. e4 c5 2. Nf3 Nc6 3. a3 d6 4. Bb5 Bd7 5. 0-0 a6 6. Bc4 b5 7. Bd5 e6 8. Ba2 Be7 9. d4 cxd4 10. Nxd4 e5 11. Qf3 Nf6 12. Nxc6 Bxc6 13. Nc3 0-0 14. Qg3 Nxe4 15. Nxe4 Bxe4 16. Bh6 Bg6 17. Bd5 Rc8 18. Bb7 Rc7 19. Bxg7 Kxg7 20. Bxa6 Qb8 21. a4 Qb6 22. axb5 Rxc2 23. h4 h5 24. Kh1 Rc4 25. f4 Qc5 26. b6 exf4 27. Rxf4 Rxf4 28. Qxf4 Qxb6 29. Be2 Qxb2 30. Re1 Qc3 31. Qf2 Qb4 32. Kg1 Bxh4 33. g3 Bf6 34. Rd1 Qc5 35. Kf1 Rb8 36. Qh2 Rb2 37. g4 Be5 38. Qg2 h4 39. Qh3 Bg3 40. Qg2 Be4 41. Qg1 Qxg1+ 42. Kxg1 Rxe2 43. Kf1 Bf3 44. Ra1 Rh2 45. Kg1 Rd2 46. g5 Rd1+ 47. Rxd1 Bxd1 48. Kg2 d5 0-1

[Event "Olot op"]
[Site "Olot"]
[Date "1996.??.??"]
[Round "2"]
[White "Barrera Clot, Carlos"]
[Black "Rodriguez Cespedes, Amador"]
[Result "0-1"]
[WhiteElo "2510"]
[BlackElo "2255"]
[PlyCount "64"]
[EventDate "1996.??.??"]
[EventType "swiss"]
[EventRounds "9"]
[EventCountry "ESP"]
[SourceTitle "EXT 2003"]
[Source "ChessBase"]
[SourceDate "2002.11.25"]
[SourceVersion "1"]
[SourceVersionDate "2002.11.25"]
[SourceQuality "1"]

1. Nf3 Nf6 2. c4 b6 3. g3 Bb7 4. Bg2 e6 5. 0-0 Be7 6. Nc3 0-0 7. Qc2 c5 8. b3 Nc6 9. Bb2 d5 10. d3 Re8 11. Rad1 Qc7 12. e3 Rad8 13. Qb1 a6 14. Ne2 b5 15. Rc1 Qb6 16. d4 dxc4 17. dxc5 Qxc5 18. bxc4 b4 19. Nfd4 Na5 20. Nb3 Nxb3 21. axb3 Bxg2 22. Kxg2 Qc6+ 23. Kg1 Ne4 24. Nd4 Qb7 25. Nf3 Nc5 26. Nd4 e5 27. Nf5 Nxb3 28. Nh6+ gxh6 29. Qf5 Bf8 30. Rcd1 Nd2 31. Rxd2 Rxd2 32. Bxe5 Re6 0-1

[Event "Catalunya-chT"]
[Site "Catalunya"]
[Date "1996.??.??"]
[Round "?"]
[White "Marches Rios, Joan Manuel"]
[Black "Barrera Clot, Carlos"]
[Result "1-0"]
[WhiteElo "2165"]
[BlackElo "2170"]
[PlyCount "75"]
[EventDate "1996.??.??"]
[EventType "team"]
[EventRounds "9"]
[EventCountry "ESP"]
[SourceTitle "EXT 2019"]
[Source "ChessBase"]
[SourceDate "2018.10.10"]
[SourceVersion "1"]
[SourceVersionDate "2018.10.10"]
[SourceQuality "1"]

1. e4 e6 2. d4 d5 3. Nc3 Nf6 4. e5 Nfd7 5. f4 c5 6. Nf3 Nc6 7. Be3 a6 8. Qd2 b5 9. dxc5 Bxc5 10. Bxc5 Nxc5 11. Nd4 Bd7 12. Nxc6 Bxc6 13. Qd4 Qb6 14. a3 Na4 15. Qxb6 Nxb6 16. Ne2 Ke7 17. Nd4 Bb7 18. Bd3 h5 19. h4 g6 20. Ke2 Rhc8 21. b3 Bc6 22. g4 hxg4 23. h5 gxh5 24. Rxh5 Bd7 25. Kf2 Rh8 26. Rah1 Rxh5 27. Rxh5 Rg8 28. Kg3 Nc8 29. f5 exf5 30. Nxf5+ Kd8 31. Rh7 Be6 32. Nd4 Ne7 33. b4 Ke8 34. Rh6 Kd7 35. Nb3 Ng6 36. Bxg6 fxg6 37. Nc5+ Ke7 38. Rh7+ 1-0